00923nam a2200205 a 450000100080000000500110000800800410001910000280006024500460008826000250013430000100015949000460016952003910021565300160060665300160062265300220063865300220066065300130068265300220069510515202007-02-12 1994 bl uuuu 00u1 u #d1 aFAGUNDES, M. H. (org.). aPoliticas agricolas e o comercio mundial. aBrasilia: IPEAc1994 a472p. a(IPEA. Estudos de Politica Agricola, 28). aO comercio agricola mundial. Politicas agricolas nacionais. A politica agricola norte-americana. A politica agricola asutralina; A politica agricola canadense. A politica agricola brasileira. O mercosul e a agricultura. Acordo geral sobre tarifas e comercio. O agribusiness brasileiro e o mercado mundial. O Brasil e o comeercio mundial de graos. O Brasil e o comercio mundial de carne. aAgribusines aAgricultura aComercio exterior aEconomia agricola aMercosul aPolitica agricola